| 000 | 00578nam a22002177a 4500 | ||
|---|---|---|---|
| 001 | 00028624 | ||
| 005 | 20260321112827.0 | ||
| 008 | 260321b ag ||||| |||| 00| 0 spa d | ||
| 020 | _a9871105398 | ||
| 040 |
_aAR-CcCEOS _bspa _cAR-CcCEOS |
||
| 041 | _aspa | ||
| 080 | _a860-4(82) | ||
| 090 | _bSAR | ||
| 100 | 1 |
_aSarlo, Beatriz _9952 |
|
| 245 |
_aLa pasión y la excepción / _cBeatriz Sarlo |
||
| 250 | _a1ª ed., 1ª reimp. | ||
| 260 |
_aBuenos Aires : _bSiglo XXI, _c2003 |
||
| 300 |
_a272 p. ; _c21x14 cm. |
||
| 655 | 0 |
_aensayo argentino _9623 |
|
| 942 |
_2udc _cBK _n0 |
||
| 999 |
_c28656 _d28656 |
||